[Event "Lublin"]
[Site "Lublin"]
[Date "2011.??.??"]
[Round "4.2"]
[White "Chwalewski, Marek"]
[Black "Czerw, Dawid"]
[Result "1-0"]
[WhiteElo "1931"]
[BlackElo "1837"]
[PlyCount "87"]
[EventDate "2011.??.??"]

1. c4 f5 2. d4 Nf6 3. g3 g6 4. Bg2 Bg7 5. Nc3 d6 6. Bg5 c6 7. Qd2 h6 8. Bxf6
Bxf6 9. e4 Qb6 10. Nge2 Be6 11. d5 Bd7 12. O-O Na6 13. Rab1 c5 14. Nf4 Rg8 15.
exf5 Bxf5 16. Rbe1 O-O-O 17. Ne6 Rde8 18. Nb5 Nb4 19. Nbc7 Nd3 20. Nxe8 Rxe8
21. Re3 Nxb2 22. Rb3 Nxc4 23. Qf4 Qa6 24. Rc1 b5 25. g4 Be5 26. Qf3 Nd2 27. Qe2
Nxb3 28. axb3 Bxe6 29. dxe6 Rf8 30. Qe4 Kc7 31. Qd5 Bd4 32. Qxd4 Qa3 33. Qd2 g5
34. Rb1 Rb8 35. Qd5 Qa6 36. Qe4 Qc8 37. Ra1 Kb6 38. b4 a6 39. Qe3 Ka7 40. Rd1
Kb6 41. Rc1 Qc7 42. Qa3 Rc8 43. Ra1 cxb4 44. Qxa6+ 1-0

[Event "Lublin"]
[Site "Lublin"]
[Date "2011.??.??"]
[Round "4.3"]
[White "Wesolowski, Edgar"]
[Black "Dymek, Lukasz"]
[Result "0-1"]
[WhiteElo "1977"]
[BlackElo "2095"]
[PlyCount "80"]
[EventDate "2011.??.??"]

1. c4 e5 2. Nc3 Nc6 3. Nf3 f5 4. e4 d6 5. d4 fxe4 6. Nxe4 Bf5 7. Ng3 Bg4 8.
dxe5 dxe5 9. Bd2 Qd7 10. Be2 Nf6 11. Bc3 Bd6 12. Qc2 O-O-O 13. O-O-O Qe7 14. h3
Be6 15. Nf5 Bxf5 16. Qxf5+ Kb8 17. Ng5 Nd4 18. Bxd4 exd4 19. Bf3 g6 20. Qa5
Bf4+ 21. Kb1 Bxg5 22. Qxg5 c5 23. Rhe1 Qd6 24. b4 Nd7 25. bxc5 Nxc5 26. Re5 Rc8
27. Rd5 Qc7 28. Ka1 Rhd8 29. Re5 Rd6 30. Bg4 Qa5 31. Rd3 Qb4 32. Rxc5 Qxc5 33.
Qf4 Re8 34. Rb3 Qc7 35. Bf3 Rb6 36. Qxd4 Rxb3 37. axb3 Qe5 38. Qxe5+ Rxe5 39.
Kb2 Kc7 40. Kc3 Re1 0-1

[Event "Lublin"]
[Site "Lublin"]
[Date "2011.??.??"]
[Round "4.4"]
[White "Krasowski, Piotr"]
[Black "Pawelec, Bartosz"]
[Result "1-0"]
[WhiteElo "1758"]
[BlackElo "2074"]
[PlyCount "50"]
[EventDate "2011.??.??"]

1. f4 d5 2. g3 Nf6 3. Bg2 c5 4. Nf3 Nc6 5. O-O g6 6. c3 Bg7 7. d3 O-O 8. Qe1 d4
9. c4 Nd7 10. Nbd2 e5 11. Nb3 Qe7 12. f5 Nb6 13. Nh4 Bf6 14. Bh6 Re8 15. fxg6
hxg6 16. Nxc5 Bxh4 17. Ne4 f5 18. gxh4 fxe4 19. Bxe4 Kh7 20. Bg5 Qe6 21. Kh1
Ne7 22. Rf6 Qg8 23. h5 Kg7 24. hxg6 Rf8 25. Qh4 Nd7 1-0

[Event "Lublin"]
[Site "Lublin"]
[Date "2011.??.??"]
[Round "4.5"]
[White "Rastropin, Yuriy"]
[Black "Krzyzanowski, Wojciech"]
[Result "0-1"]
[WhiteElo "1624"]
[BlackElo "1980"]
[PlyCount "104"]
[EventDate "2011.??.??"]

1. d4 d5 2. c4 c6 3. Nc3 Nf6 4. Nf3 a6 5. a4 e6 6. Bg5 Nbd7 7. e3 Bb4 8. cxd5
exd5 9. Bd3 Qa5 10. Qc2 O-O 11. O-O h6 12. Bh4 Re8 13. Nd2 Bd6 14. e4 dxe4 15.
Ndxe4 Nxe4 16. Nxe4 Bb4 17. f4 Nb6 18. Rf3 Bg4 19. Rg3 Qh5 20. Nf6+ gxf6 21.
Bf5 Qxh4 22. Rxg4+ Qxg4 23. Bxg4 Nd5 24. Qf2 Re3 25. Bf3 Rae8 26. Qg3+ Kf8 27.
Qh4 Kg7 28. Qg4+ Kf8 29. Qh5 Rd8 30. Qxh6+ Ke7 31. f5 Rd3 32. Qh4 Rb3 33. Qe4+
Kf8 34. h4 Rxb2 35. g4 Re8 36. Qd3 Re3 37. Qd1 Rd2 38. Qf1 Rxd4 39. g5 Rf4 40.
Kg2 Rxf5 41. gxf6 Rxf6 42. Rb1 Rfxf3 43. Qxf3 Rxf3 44. Kxf3 f5 45. Rg1 Kf7 46.
h5 Bc3 47. h6 b5 48. axb5 axb5 49. Rg5 Ne7 50. Ke3 Bb2 51. Rg2 Bc1+ 52. Kd4
Bxh6 0-1

[Event "Lublin"]
[Site "Lublin"]
[Date "2011.??.??"]
[Round "4.8"]
[White "Kazubek, Krzysztof"]
[Black "Havryshkevich, Anna-maria"]
[Result "1-0"]
[WhiteElo "1994"]
[BlackElo "1614"]
[PlyCount "93"]
[EventDate "2011.??.??"]

1. e4 e6 2. d3 d5 3. Nd2 c5 4. Ngf3 Nc6 5. g3 Bd6 6. Bg2 Nge7 7. O-O O-O 8. Re1
Ng6 9. h4 Nge5 10. Nxe5 Bxe5 11. Nf3 Bc7 12. e5 Ba5 13. c3 f5 14. exf6 Qxf6 15.
Bg5 Qf7 16. Bf4 Bc7 17. Ng5 Qe7 18. Bxc7 Qxc7 19. Nxe6 Bxe6 20. Rxe6 Rad8 21.
Qh5 Qf7 22. Qxf7+ Rxf7 23. Rae1 Kf8 24. Bxd5 g6 25. Bxc6 bxc6 26. Rxc6 Rxd3 27.
Re2 Rd1+ 28. Kg2 Rd5 29. f4 Rfd7 30. Rf6+ Kg7 31. Rfe6 Kh6 32. R6e5 Rd2 33. Kf2
Rxe2+ 34. Kxe2 Rb7 35. b3 Rc7 36. c4 Kg7 37. g4 Kf6 38. Ke3 h6 39. Ke4 Rc6 40.
g5+ hxg5 41. hxg5+ Kf7 42. Kd5 Ra6 43. a4 Rb6 44. Re3 Rb8 45. Kxc5 Rc8+ 46. Kb5
Rb8+ 47. Ka6 1-0

[Event "Lublin"]
[Site "Lublin"]
[Date "2011.??.??"]
[Round "4.9"]
[White "Paluch, Andrzej"]
[Black "Sawicki, Wojciech"]
[Result "0-1"]
[WhiteElo "1534"]
[BlackElo "1762"]
[PlyCount "77"]
[EventDate "2011.??.??"]

1. c4 Nf6 2. g3 g6 3. Bg2 Bg7 4. Nc3 O-O 5. Nf3 d6 6. O-O Nc6 7. Rb1 Na5 8. d3
c5 9. a3 Nd7 10. Qc2 Nc6 11. b4 b6 12. b5 Na5 13. Bb2 Bb7 14. Nd5 Bxb2 15. Rxb2
e6 16. Nc3 Nf6 17. Rd1 Qc7 18. Ne4 Nd7 19. Qc3 f5 20. Neg5 Rae8 21. Qd2 d5 22.
Rc1 d4 23. Nh3 e5 24. Qh6 Nf6 25. Nfg5 Ng4 26. Qh4 h6 27. Bd5+ Bxd5 28. cxd5
hxg5 29. Nxg5 Qe7 30. h3 Nf6 31. Ne6 Nxd5 32. Nxf8 Qxh4 33. gxh4 Kxf8 34. Kh2
Kf7 35. Rg1 Rh8 36. Kg3 Nb7 37. Rc1 Ke6 38. Rb3 Nc3 39. e3 0-1

[Event "Lublin"]
[Site "Lublin"]
[Date "2011.??.??"]
[Round "4.12"]
[White "Chlewinski, Artur"]
[Black "Golawski, Hubert"]
[Result "0-1"]
[WhiteElo "1735"]
[BlackElo "1674"]
[PlyCount "30"]
[EventDate "2011.??.??"]

1. f4 e6 2. Nf3 d5 3. b3 b6 4. Bb2 Nf6 5. e3 Bb7 6. Be2 Nbd7 7. d3 Bd6 8. Na3
Qe7 9. Qc1 Rg8 10. Rg1 Ng4 11. Nb5 Nxh2 12. Ba3 Nxf3+ 13. Bxf3 Bxa3 14. Nxa3
Nc5 15. c4 Nxd3+ 0-1

[Event "Lublin"]
[Site "Lublin"]
[Date "2011.??.??"]
[Round "5.1"]
[White "Chwalewski, Marek"]
[Black "Stoma, Pawel"]
[Result "0-1"]
[WhiteElo "1931"]
[BlackElo "2316"]
[PlyCount "21"]
[EventDate "2011.??.??"]

1. Nf3 c6 2. e4 d5 3. Nc3 Bg4 4. h3 Bxf3 5. Qxf3 e6 6. exd5 cxd5 7. Bb5+ Nc6 8.
O-O Nf6 9. Re1 Be7 10. d4 O-O 11. Bxc6 0-1

[Event "Lublin"]
[Site "Lublin"]
[Date "2011.??.??"]
[Round "5.2"]
[White "Dymek, Lukasz"]
[Black "Krasowski, Piotr"]
[Result "1-0"]
[WhiteElo "2095"]
[BlackElo "1758"]
[PlyCount "85"]
[EventDate "2011.??.??"]

1. e4 e5 2. Nf3 Nf6 3. d4 Nxe4 4. Bd3 d5 5. dxe5 Be7 6. O-O Nc6 7. Re1 Nc5 8.
Bf1 Be6 9. c3 Bg4 10. h3 Bh5 11. Bb5 O-O 12. Bf4 Ne4 13. Nbd2 Ng5 14. Be2 Ne6
15. Bg3 Bc5 16. b4 Bb6 17. Nb3 Ne7 18. Nfd4 Bxe2 19. Rxe2 c6 20. Bh4 Qe8 21.
Qd2 Nxd4 22. cxd4 Nf5 23. Bg5 Qe6 24. g4 Ne7 25. f4 h6 26. f5 Nxf5 27. gxf5
Qxf5 28. Bxh6 Kh7 29. Bf4 g6 30. Rf1 Qe6 31. Bg5 Bd8 32. Qf4 f6 33. Qh4+ Kg8
34. Qh6 Qe8 35. exf6 Qf7 36. Nc5 Qh7 37. Re6 Qxh6 38. Bxh6 Rf7 39. Nd3 Bb6 40.
Be3 Raf8 41. Ne5 Rh7 42. Kg2 Rd8 43. f7+ 1-0

[Event "Lublin"]
[Site "Lublin"]
[Date "2011.??.??"]
[Round "5.4"]
[White "Lipski, Tadeusz"]
[Black "Wojcieszyn, Zdzislaw"]
[Result "0-1"]
[WhiteElo "2039"]
[BlackElo "1983"]
[PlyCount "49"]
[EventDate "2011.??.??"]

1. e4 c5 2. Nf3 Nc6 3. d4 cxd4 4. Nxd4 Nf6 5. Nc3 e6 6. Bf4 Bb4 7. Nxc6 bxc6 8.
Bd2 d5 9. e5 Nd7 10. f4 O-O 11. a3 Ba5 12. Bd3 f5 13. exf6 Nxf6 14. g4 Qe8 15.
g5 Nh5 16. O-O g6 17. Be2 Ng7 18. Nxd5 Bxd2 19. Nf6+ Rxf6 20. gxf6 Be3+ 21. Kg2
Nf5 22. Bf3 Bd4 23. Qd3 Bxb2 24. Rab1 Bxf6 25. Kh1 0-1

[Event "Lublin"]
[Site "Lublin"]
[Date "2011.??.??"]
[Round "5.5"]
[White "Czerw, Dawid"]
[Black "Kazubek, Krzysztof"]
[Result "1/2-1/2"]
[WhiteElo "1837"]
[BlackElo "1994"]
[PlyCount "41"]
[EventDate "2011.??.??"]

1. d4 Nf6 2. c4 c5 3. d5 b5 4. cxb5 a6 5. b6 Qxb6 6. Nc3 g6 7. e4 d6 8. h3 Bg7
9. Nf3 Nbd7 10. Bd3 O-O 11. a4 e5 12. a5 Qc7 13. Qe2 Kh8 14. g4 Ng8 15. g5 h5
16. Nd2 Ne7 17. Nc4 Kh7 18. Ne3 Ra7 19. Kf1 Re8 20. Nf5 Nf8 21. Ne3 1/2-1/2

[Event "Lublin"]
[Site "Lublin"]
[Date "2011.??.??"]
[Round "5.6"]
[White "Pawelec, Bartosz"]
[Black "Rastropin, Yuriy"]
[Result "1-0"]
[WhiteElo "2074"]
[BlackElo "1624"]
[PlyCount "44"]
[EventDate "2011.??.??"]

1. e4 c5 2. c3 d5 3. exd5 Qxd5 4. d4 Nc6 5. dxc5 Qxd1+ 6. Kxd1 e5 7. b4 a5 8.
Bb5 Bd7 9. Nf3 axb4 10. Bxc6 Bxc6 11. cxb4 O-O-O+ 12. Bd2 Bxf3+ 13. gxf3 g6 14.
Ke2 f6 15. Rd1 Rd4 16. Na3 Rh4 17. Rdc1 Ne7 18. Nc4 Bg7 19. Be3 Nf5 20. Nd6+
Kc7 21. Nxf5 gxf5 22. c6 Rxb4 1-0

[Event "Lublin"]
[Site "Lublin"]
[Date "2011.??.??"]
[Round "5.7"]
[White "Golawski, Hubert"]
[Black "Wesolowski, Edgar"]
[Result "0-1"]
[WhiteElo "1674"]
[BlackElo "1977"]
[PlyCount "94"]
[EventDate "2011.??.??"]

1. e4 c5 2. d3 Nc6 3. Be3 d6 4. g3 g6 5. Bg2 Bg7 6. c3 e5 7. Ne2 Nge7 8. O-O f5
9. f4 b6 10. d4 exd4 11. cxd4 fxe4 12. Bxe4 d5 13. Bg2 Nf5 14. Bf2 Nfxd4 15.
Nxd4 Nxd4 16. Nc3 Be6 17. Re1 O-O 18. Kh1 Bf7 19. Rb1 Qd7 20. a3 Rad8 21. b4
Nf5 22. Na4 c4 23. g4 Ne7 24. h4 Nc6 25. h5 Be6 26. Bh4 Bxg4 27. Qc1 Rde8 28.
Qd2 d4 29. Qc2 c3 30. Qb3+ Kh8 31. Qc4 Nd8 32. b5 Be6 33. Qf1 Bd5 34. Nxc3 dxc3
35. Rbd1 Qh3+ 36. Kg1 Bxg2 37. Qxg2 Qxh4 38. Rf1 Ne6 39. f5 Bd4+ 40. Rxd4 Nxd4
41. fxg6 Ne2+ 42. Qxe2 Rxe2 43. Rxf8+ Kg7 44. Rf7+ Kh6 45. Rxh7+ Kg5 46. Rxa7
Qg3+ 47. Kh1 Re1# 0-1

[Event "Lublin"]
[Site "Lublin"]
[Date "2011.??.??"]
[Round "5.9"]
[White "Havryshkevich, Anna-maria"]
[Black "Wesolowska, Katarzyna"]
[Result "1/2-1/2"]
[WhiteElo "1614"]
[BlackElo "1724"]
[PlyCount "46"]
[EventDate "2011.??.??"]

1. d4 d5 2. c4 c6 3. Nc3 Nf6 4. Nf3 Bf5 5. Bg5 Nbd7 6. e3 e6 7. Be2 Bd6 8. O-O
h6 9. Bh4 O-O 10. Re1 Re8 11. cxd5 exd5 12. Bg3 Qe7 13. Nh4 Bh7 14. Bd3 Bxg3
15. Bxh7+ Nxh7 16. hxg3 Ndf6 17. Nf3 Ne4 18. Nxe4 dxe4 19. Ne5 f6 20. Qb3+ Qe6
21. Qxe6+ Rxe6 22. Nc4 f5 23. Na5 Re7 1/2-1/2

[Event "Lublin"]
[Site "Lublin"]
[Date "2011.??.??"]
[Round "5.11"]
[White "Maik, Marcin"]
[Black "Paluch, Andrzej"]
[Result "0-1"]
[WhiteElo "1583"]
[BlackElo "1534"]
[PlyCount "70"]
[EventDate "2011.??.??"]

1. d4 Nf6 2. c4 e6 3. Nf3 Bb4+ 4. Bd2 Bxd2+ 5. Nbxd2 O-O 6. e4 d6 7. Bd3 c5 8.
d5 exd5 9. cxd5 a6 10. a4 Nbd7 11. O-O Re8 12. Re1 Qc7 13. Qc2 Nf8 14. Nh4 Ng6
15. Nxg6 hxg6 16. b4 Nd7 17. Nb3 b6 18. a5 c4 19. Qxc4 Qxc4 20. Bxc4 b5 21. Bf1
Ne5 22. Rac1 Bd7 23. f3 Rac8 24. g3 Nxf3+ 25. Kf2 Nxe1 26. Rxe1 Rc2+ 27. Kg1
Rb2 28. Re3 f5 29. Bh3 Rxe4 30. Rxe4 fxe4 31. Bxd7 Rxb3 32. Bc8 Rxb4 33. Bxa6
Rb2 34. Bc8 Ra2 35. a6 b4 0-1

[Event "Lublin"]
[Site "Lublin"]
[Date "2011.??.??"]
[Round "5.3"]
[White "Krzyzanowski, Wojciech"]
[Black "Bien, Janusz"]
[Result "0-1"]
[WhiteElo "1980"]
[BlackElo "1977"]
[PlyCount "44"]
[EventDate "2011.??.??"]

1. d4 d6 2. c4 e5 3. Nf3 e4 4. Ng5 f5 5. Nc3 Nf6 6. g3 h6 7. Nh3 Be6 8. d5 Bf7
9. Bg2 g5 10. f3 exf3 11. exf3 Qe7+ 12. Kf2 Kd8 13. Re1 Qd7 14. Nxg5 hxg5 15.
Bxg5 Bg7 16. Qd4 Rh6 17. Bxh6 Ne4+ 18. Qxe4 fxe4 19. Bxg7 Qf5 20. f4 Qg6 21.
Bf8 Nd7 22. Bxe4 Qf6 0-1

[Event "Lublin"]
[Site "Lublin"]
[Date "2011.??.??"]
[Round "6.1"]
[White "Bien, Janusz"]
[Black "Stoma, Pawel"]
[Result "0-1"]
[WhiteElo "1977"]
[BlackElo "2316"]
[PlyCount "126"]
[EventDate "2011.??.??"]

1. e4 c6 2. c4 d5 3. cxd5 cxd5 4. exd5 Nf6 5. Bb5+ Nbd7 6. Nc3 g6 7. Nf3 Bg7 8.
O-O O-O 9. d4 Nb6 10. Bg5 Nbxd5 11. Re1 Bf5 12. Bd3 Bxd3 13. Qxd3 Qd6 14. Rad1
Rac8 15. Qd2 e6 16. Ne5 a6 17. h3 b5 18. Rc1 Nxc3 19. Rxc3 Qd5 20. f3 Nd7 21.
Nxd7 Qxd7 22. Be3 Rc6 23. Rxc6 Qxc6 24. Rc1 Qd5 25. b3 Rd8 26. Rd1 Bf6 27. Qd3
e5 28. Bf2 exd4 29. Qe4 Qxe4 30. fxe4 Re8 31. Re1 Be5 32. Kf1 Rc8 33. Rd1 Rc2
34. a4 bxa4 35. bxa4 Rc4 36. a5 Ra4 37. Be1 Bc7 38. Ke2 Ra2+ 39. Rd2 Ra4 40.
Rd3 Kf8 41. Bf2 Be5 42. Be1 Ra2+ 43. Kf3 Ke8 44. Bg3 f6 45. Bf2 Ra4 46. Be1 Kd8
47. Rb3 Bc7 48. Rd3 Kd7 49. Bf2 Be5 50. g4 Kc6 51. Be1 Kc5 52. h4 Kc4 53. Rd1
Ra3+ 54. Kg2 Ra2+ 55. Kf3 Ra3+ 56. Kg2 Bf4 57. Rb1 d3 58. Kf3 g5 59. hxg5 Bxg5
60. Bf2 d2+ 61. Ke2 Kc3 62. Bc5 Kc2 63. Rb6 Rh3 0-1

[Event "Lublin"]
[Site "Lublin"]
[Date "2011.??.??"]
[Round "6.2"]
[White "Wojcieszyn, Zdzislaw"]
[Black "Dymek, Lukasz"]
[Result "0-1"]
[WhiteElo "1983"]
[BlackElo "2095"]
[PlyCount "90"]
[EventDate "2011.??.??"]

1. Nf3 c5 2. c4 Nc6 3. Nc3 g6 4. g3 Bg7 5. Bg2 e6 6. e3 Nge7 7. O-O O-O 8. d4
cxd4 9. exd4 d5 10. c5 b6 11. cxb6 Qxb6 12. Na4 Qd8 13. Bg5 h6 14. Bxe7 Qxe7
15. Rc1 Qd6 16. Nc5 Rb8 17. Qd2 Rb5 18. a4 Rb6 19. Rfe1 a5 20. Qc3 Nb4 21. Qd2
Nc6 22. Red1 Rb4 23. Qc3 Rc4 24. Qd2 Nxd4 25. Rxc4 dxc4 26. Nxd4 Qxc5 27. Nb5
Ba6 28. Qxa5 Bxb5 29. axb5 Bxb2 30. Be4 Bd4 31. Qa2 Rd8 32. Rc1 c3 33. Qe2 Kg7
34. Rb1 Rd6 35. Kg2 Bxf2 36. b6 Rd2 37. Qxd2 cxd2 38. b7 Qa7 39. Bf3 Bb6 40.
Rd1 Bc7 41. Rxd2 Bb8 42. Rd8 f5 43. h4 g5 44. Rc8 g4 45. Bxg4 fxg4 0-1

[Event "Lublin"]
[Site "Lublin"]
[Date "2011.??.??"]
[Round "6.3"]
[White "Kazubek, Krzysztof"]
[Black "Chwalewski, Marek"]
[Result "1-0"]
[WhiteElo "1994"]
[BlackElo "1931"]
[PlyCount "83"]
[EventDate "2011.??.??"]

1. e4 g6 2. Nc3 c6 3. d4 Bg7 4. Nf3 d5 5. h3 b5 6. a3 e6 7. Bf4 Ne7 8. Qd2 Nd7
9. Bd3 Nb6 10. b3 O-O 11. e5 Nd7 12. Bh6 Nf5 13. Bxf5 exf5 14. O-O-O a5 15. h4
Nb6 16. h5 Qe7 17. hxg6 fxg6 18. Nb1 Be6 19. Ng5 Rf7 20. Nxf7 Qxf7 21. Rh4 Ra7
22. Bxg7 Qxg7 23. Rh6 Qf8 24. Rdh1 f4 25. g3 b4 26. a4 fxg3 27. fxg3 Rf7 28.
Qg5 Rf1+ 29. Rxf1 Qxf1+ 30. Kb2 Qf8 31. Rxg6+ hxg6 32. Qxg6+ Kh8 33. Qxe6 Qf2
34. Qh6+ Kg8 35. Qg5+ Kf7 36. Qh5+ Kg7 37. Qg4+ Kf7 38. e6+ Ke7 39. Qg5+ Kxe6
40. Qe5+ Kf7 41. Qc7+ Kg6 42. Qxb6 1-0

[Event "Lublin"]
[Site "Lublin"]
[Date "2011.??.??"]
[Round "6.4"]
[White "Czerw, Dawid"]
[Black "Pawelec, Bartosz"]
[Result "1/2-1/2"]
[WhiteElo "1837"]
[BlackElo "2074"]
[PlyCount "40"]
[EventDate "2011.??.??"]

1. d4 d5 2. c4 e6 3. Nc3 Nf6 4. cxd5 exd5 5. Bg5 Be7 6. e3 O-O 7. Bd3 h6 8. Bh4
b6 9. Nge2 Bb7 10. f3 Nh5 11. Bf2 c5 12. Rc1 cxd4 13. Nxd4 Nc6 14. Nxc6 Bxc6
15. O-O Re8 16. Bc2 Qd7 17. Qd3 g6 18. Rfd1 Rad8 19. Bb3 Nf6 20. a3 Bc5 1/2-1/2

[Event "Lublin"]
[Site "Lublin"]
[Date "2011.??.??"]
[Round "6.5"]
[White "Krasowski, Piotr"]
[Black "Krzyzanowski, Wojciech"]
[Result "0-1"]
[WhiteElo "1758"]
[BlackElo "1980"]
[PlyCount "92"]
[EventDate "2011.??.??"]

1. e4 c5 2. Nc3 Nc6 3. a4 d6 4. Bc4 Nf6 5. f4 g6 6. d3 Bg7 7. Nce2 O-O 8. c3 d5
9. exd5 Nxd5 10. Nf3 Bg4 11. O-O e5 12. h3 Bxf3 13. Rxf3 Nb6 14. Ba2 c4 15. Rg3
Qd7 16. fxe5 Nxe5 17. d4 Nc6 18. Bf4 Rac8 19. Qd2 Ne7 20. Rf1 Nbd5 21. Bb1 Qxa4
22. Bh6 Qd7 23. Qg5 Rc6 24. Qh4 Rf6 25. Rgf3 Rxf3 26. Rxf3 Qe6 27. Bxg7 Kxg7
28. Nf4 Nxf4 29. Qxf4 Nd5 30. Qg5 f6 31. Qg3 Re8 32. Rf1 Qe3+ 33. Qxe3 Rxe3 34.
Kf2 f5 35. Re1 Rxe1 36. Kxe1 b5 37. Kf2 a5 38. g3 b4 39. cxb4 axb4 40. Ke2 Kf6
41. h4 h6 42. Kf3 b3 43. g4 fxg4+ 44. Kxg4 c3 45. bxc3 Nxc3 46. Bd3 b2 0-1

[Event "Lublin"]
[Site "Lublin"]
[Date "2011.??.??"]
[Round "6.6"]
[White "Wesolowski, Edgar"]
[Black "Sawicki, Wojciech"]
[Result "1-0"]
[WhiteElo "1977"]
[BlackElo "1762"]
[PlyCount "81"]
[EventDate "2011.??.??"]

1. d4 Nf6 2. c4 g6 3. Nc3 Bg7 4. e4 d6 5. Bd3 O-O 6. Nge2 Nc6 7. O-O e5 8. d5
Nd4 9. f3 c5 10. a3 a6 11. b4 cxb4 12. axb4 Qb6 13. Be3 Qxb4 14. Na4 Bd7 15.
Nxd4 exd4 16. Bd2 Bxa4 17. Bxb4 Bxd1 18. Bxd6 Rfc8 19. Rfxd1 Nd7 20. Rab1 b6
21. f4 Nc5 22. Rxb6 Nxd3 23. Rxd3 Rxc4 24. Rc6 Rc8 25. Rxc8+ Rxc8 26. e5 Rc1+
27. Kf2 Rc2+ 28. Kf3 Rc4 29. g3 Bf8 30. Bxf8 Kxf8 31. Ke4 Rc2 32. h3 a5 33.
Kxd4 Ra2 34. Kc5 Ke7 35. Kc6 Rc2+ 36. Kb5 Ra2 37. Rc3 Kd7 38. d6 h5 39. Rc7+
Ke6 40. Re7+ Kd5 41. d7 1-0

[Event "Lublin"]
[Site "Lublin"]
[Date "2011.??.??"]
[Round "6.7"]
[White "Wesolowska, Katarzyna"]
[Black "Lipski, Tadeusz"]
[Result "1/2-1/2"]
[WhiteElo "1724"]
[BlackElo "2039"]
[PlyCount "60"]
[EventDate "2011.??.??"]

1. e4 c5 2. c3 e6 3. d4 d5 4. e5 Nc6 5. Nf3 Bd7 6. a3 c4 7. Be2 f6 8. exf6 Nxf6
9. Bg5 Qb6 10. Qc2 Bd6 11. O-O O-O 12. Nbd2 Be8 13. Rfe1 Bg6 14. Qc1 Qc7 15.
Nf1 Ne4 16. Ng3 Na5 17. Bd1 h6 18. Be3 b5 19. Nd2 Nxg3 20. hxg3 Nc6 21. Bc2
Bxc2 22. Qxc2 e5 23. Nf3 e4 24. Nd2 Ne7 25. Nf1 Rf7 26. Re2 Raf8 27. Rae1 Nf5
28. Qd2 a5 29. Ra1 Ne7 30. Rb1 Rb8 1/2-1/2

[Event "Lublin"]
[Site "Lublin"]
[Date "2011.??.??"]
[Round "7.1"]
[White "Stoma, Pawel"]
[Black "Wesolowski, Edgar"]
[Result "1-0"]
[WhiteElo "2316"]
[BlackElo "1977"]
[PlyCount "47"]
[EventDate "2011.??.??"]

1. e4 c5 2. d4 cxd4 3. c3 Nf6 4. e5 Nd5 5. cxd4 Nc6 6. Nc3 Nxc3 7. bxc3 Qa5 8.
Bd2 d6 9. f4 Bf5 10. Qb3 Qc7 11. Nf3 e6 12. Be2 f6 13. exf6 gxf6 14. Nh4 Qc8
15. Nxf5 exf5 16. O-O h5 17. Bc4 Ne7 18. Rfe1 Qc7 19. Bb5+ Kd8 20. Qf7 Bh6 21.
Re6 Rb8 22. Qxf6 Rh7 23. Bd3 Qd7 24. Rae1 1-0

[Event "Lublin"]
[Site "Lublin"]
[Date "2011.??.??"]
[Round "7.2"]
[White "Krzyzanowski, Wojciech"]
[Black "Dymek, Lukasz"]
[Result "1/2-1/2"]
[WhiteElo "1980"]
[BlackElo "2095"]
[PlyCount "22"]
[EventDate "2011.??.??"]

1. d4 Nf6 2. c4 g6 3. Nc3 d5 4. cxd5 Nxd5 5. e4 Nxc3 6. bxc3 Bg7 7. Bc4 O-O 8.
Ne2 c5 9. O-O Nc6 10. Be3 Qa5 11. Rb1 a6 1/2-1/2

[Event "Lublin"]
[Site "Lublin"]
[Date "2011.??.??"]
[Round "7.3"]
[White "Bien, Janusz"]
[Black "Kazubek, Krzysztof"]
[Result "0-1"]
[WhiteElo "1977"]
[BlackElo "1994"]
[PlyCount "53"]
[EventDate "2011.??.??"]

1. e4 c5 2. d4 cxd4 3. c3 d3 4. Bxd3 Nc6 5. Nf3 d6 6. h3 g6 7. Be3 Bg7 8. O-O
Nf6 9. c4 O-O 10. Nc3 Qa5 11. a3 Be6 12. b4 Qc7 13. Rc1 Rfc8 14. Nd5 Qd8 15. b5
Bxd5 16. exd5 Na5 17. Bd4 Nd7 18. Bxg7 Kxg7 19. Qe2 Nf6 20. Rfe1 Qb6 21. Ng5
Rc7 22. Qb2 Rac8 23. Re4 h6 24. Nf3 Rg8 25. Rce1 Kf8 26. Rh4 g5 27. Rxh6 0-1

[Event "Lublin"]
[Site "Lublin"]
[Date "2011.??.??"]
[Round "7.4"]
[White "Pawelec, Bartosz"]
[Black "Wojcieszyn, Zdzislaw"]
[Result "1-0"]
[WhiteElo "2074"]
[BlackElo "1983"]
[PlyCount "47"]
[EventDate "2011.??.??"]

1. e4 c5 2. c3 Nf6 3. e5 Nd5 4. d4 cxd4 5. cxd4 d6 6. Bc4 Nb6 7. Bb5+ Bd7 8. e6
fxe6 9. Bd3 Bc6 10. Qg4 Kd7 11. Nh3 h5 12. Qg3 Nd5 13. O-O Qb6 14. Ng5 Nf6 15.
Qf4 Bb5 16. Bxb5+ Qxb5 17. Re1 Qf5 18. Qg3 Nc6 19. Qb3 b6 20. Nxe6 g6 21. Nc3
d5 22. Bg5 Re8 23. Qb5 Ne4 24. Nxe4 1-0

[Event "Lublin"]
[Site "Lublin"]
[Date "2011.??.??"]
[Round "7.5"]
[White "Lipski, Tadeusz"]
[Black "Chwalewski, Marek"]
[Result "1-0"]
[WhiteElo "2039"]
[BlackElo "1931"]
[PlyCount "46"]
[EventDate "2011.??.??"]

1. d4 e6 2. e4 b6 3. Nf3 Bb7 4. Nc3 Bb4 5. Bd3 c5 6. O-O Bxc3 7. bxc3 Ne7 8.
dxc5 bxc5 9. Rb1 Qc8 10. Qe2 d5 11. exd5 Bxd5 12. c4 Bxf3 13. Qxf3 Nbc6 14. Qg3
O-O 15. Qd6 Ng6 16. Qxc5 Nge5 17. Ba3 Qa6 18. Rb3 Rfc8 19. Qb5 Qb6 20. c5 Qd8
21. Qa4 a5 22. Be4 Ra7 23. g3 Qd2 1-0

[Event "Lublin"]
[Site "Lublin"]
[Date "2011.??.??"]
[Round "7.6"]
[White "Sawicki, Wojciech"]
[Black "Czerw, Dawid"]
[Result "1/2-1/2"]
[WhiteElo "1762"]
[BlackElo "1837"]
[PlyCount "56"]
[EventDate "2011.??.??"]

1. e4 e6 2. d4 d5 3. Nc3 Bb4 4. e5 c5 5. a3 Bxc3+ 6. bxc3 Qc7 7. Qg4 f5 8. Qg3
Ne7 9. Qxg7 Rg8 10. Qxh7 cxd4 11. Ne2 dxc3 12. f4 Bd7 13. Qh3 Na6 14. Qxc3
Qxc3+ 15. Nxc3 Rc8 16. Kd2 Nc5 17. g3 a6 18. Bd3 Ne4+ 19. Bxe4 dxe4 20. Bb2 Nc6
21. Nd1 Kf7 22. Ne3 Na5 23. Bd4 Ba4 24. Rab1 Bb5 25. Bb6 Nc4+ 26. Nxc4 Rxc4 27.
Rb4 Rcc8 28. a4 Bc6 1/2-1/2

[Event "Lublin"]
[Site "Lublin"]
[Date "2011.??.??"]
[Round "7.7"]
[White "Rastropin, Yuriy"]
[Black "Krasowski, Piotr"]
[Result "0-1"]
[WhiteElo "1624"]
[BlackElo "1758"]
[PlyCount "56"]
[EventDate "2011.??.??"]

1. d4 Nf6 2. c4 g6 3. Nc3 Bg7 4. e4 d6 5. Nf3 O-O 6. Be2 Nc6 7. O-O e5 8. d5
Ne7 9. b4 Nd7 10. Re1 f5 11. Ng5 Nf6 12. Bf1 h6 13. Nf3 Kh7 14. Nd2 f4 15. c5
g5 16. f3 g4 17. a4 Ng6 18. Ba3 c6 19. cxd6 cxd5 20. exd5 e4 21. fxe4 Ne5 22.
Kh1 g3 23. h3 Nfg4 24. Qc2 Nf2+ 25. Kg1 Qb6 26. Ne2 Nxh3+ 27. Kh1 Qg1+ 28. Nxg1
Nf2# 0-1

[Event "Lublin"]
[Site "Lublin"]
[Date "2011.??.??"]
[Round "7.8"]
[White "Gorecki, Jaroslaw"]
[Black "Wesolowska, Katarzyna"]
[Result "1-0"]
[WhiteElo "1568"]
[BlackElo "1724"]
[PlyCount "120"]
[EventDate "2011.??.??"]

1. e4 e6 2. d4 d5 3. e5 c5 4. c3 Nc6 5. Nf3 Qb6 6. a3 cxd4 7. cxd4 a5 8. Nc3
Nge7 9. Na4 Qd8 10. Bd3 Nf5 11. Bxf5 exf5 12. Qb3 Be7 13. Nb6 a4 14. Nxa4 Qa5+
15. Nc3 O-O 16. O-O Rd8 17. Bd2 f6 18. Nb5 Qb6 19. Qd3 Na5 20. Bb4 Re8 21. b3
Bd7 22. Bxa5 Rxa5 23. a4 Bxb5 24. axb5 Rxb5 25. Qxf5 Rxb3 26. Qd7 Qc6 27. Qxc6
bxc6 28. Rfc1 Rb6 29. Ra7 Bd8 30. Ra8 Kf8 31. Rc8 Be7 32. R8xc6 Rb4 33. Rd1
Reb8 34. h3 Rb1 35. Rcc1 R1b2 36. Rc7 Rb1 37. Rcc1 R1b4 38. g3 Rb3 39. Kg2 Ra8
40. exf6 Bxf6 41. Ne5 Rb7 42. Rc5 Rd8 43. Rdc1 Be7 44. Rc8 Ke8 45. R1c2 g6 46.
f4 Rb8 47. R8c6 Rb4 48. Re6 Rb7 49. Nc6 Rd6 50. Rce2 Rxe6 51. Rxe6 Rc7 52.
Rxe7+ Rxe7 53. Nxe7 Kxe7 54. Kf3 Kf6 55. g4 Ke6 56. Ke3 Kf6 57. Kd3 h5 58. Kc3
Ke6 59. Kb4 Kd6 60. Kb5 h4 1-0

[Event "Lublin"]
[Site "Lublin"]
[Date "2011.??.??"]
[Round "7.9"]
[White "Paluch, Andrzej"]
[Black "Golawski, Hubert"]
[Result "1/2-1/2"]
[WhiteElo "1534"]
[BlackElo "1674"]
[PlyCount "40"]
[EventDate "2011.??.??"]

1. c4 e5 2. g3 c6 3. Bg2 Nf6 4. Nf3 e4 5. Ng5 d5 6. Nc3 h6 7. Nh3 Bf5 8. cxd5
cxd5 9. Qb3 Qd7 10. Nf4 d4 11. Ncd5 Nxd5 12. Qxd5 Qxd5 13. Nxd5 Bd6 14. d3 exd3
15. Nf6+ gxf6 16. Bxb7 dxe2 17. Kxe2 Kd7 18. Bxa8 Re8+ 19. Kf1 h5 20. Bf3 Na6
1/2-1/2